000
00259nam a22001097a 4500
008
250902b |||||||| |||| 00| 0 eng d
022
_a
09702385
245
_a
Abhigyan
260
_a
New Delhi
_b
Sage publishing
_c
2025
300
_a
217; p.
942
_2
ddc
999
_c
46491
_d
46491